| 000 | 00559nam a22001937a 4500 | ||
|---|---|---|---|
| 003 | OSt | ||
| 005 | 20180116183057.0 | ||
| 008 | 161021b xxu||||| |||| 00| 0 eng d | ||
| 020 | _a0812968360 | ||
| 040 | _c0 | ||
| 082 | _a364.163 ZUC 2005 | ||
| 100 | _aZuckoff,Mitchell | ||
| 245 |
_aPonzi's Scheme : _bThe True story Of A Financial Legend _cMitchell Zuckoff |
||
| 260 |
_aNew Yourk _bRandom House Trade Paperbacks _c2005. |
||
| 300 |
_a390p. _bPB. |
||
| 440 | _aPonzi's Scheme :The True story Of A Financial Legend | ||
| 500 | _aPB. | ||
| 942 |
_2ddc _cBK |
||
| 999 |
_c351854 _d351854 |
||